000 00297nam a22001217a 4500
008 230703b xxu||||| |||| 00| 0 eng d
082 _a345.41
_bSMI
100 _cJ.C Smith
245 _aSmith and Hogan on Criminal Law
260 _aBritain
_bButterworth
_c1965
300 _a835p
942 _2ddc
_cBK
999 _c3487
_d3487